Online marketingová stratégia spoločnosti Happymelancholic bakalárska práca

Gespeichert in:
Bibliographische Detailangaben
1. Verfasser: Strelková, Simona
Körperschaft: Podnikovohospodárska fakulta EU so sídlom v Košiciach. Katedra obchodného podnikania
Weitere Verfasser: Weiss, Erik, 1979-
Format: Buch
Sprache:Slowakisch
Veröffentlicht: Košice 2023
Tags: Tag hinzufügen
Keine Tags, Fügen Sie das erste Tag hinzu!

MARC

LEADER 00000nbm a2200000 4500
001 0294375
005 20240620124143.4
041 0 |a slo 
044 |a SK 
245 1 0 |a Online marketingová stratégia spoločnosti Happymelancholic  |b bakalárska práca  |c Simona Strelková ; školiteľ: Erik Weiss 
264 1 |a Košice  |c 2023 
300 |a 51 s. 
100 1 |a Strelková, Simona 
700 1 |a Weiss, Erik, 1979- 
710 2 |a Podnikovohospodárska fakulta EU so sídlom v Košiciach. Katedra obchodného podnikania